[Event "San Francisco TNM Winter op"]
[Site "San Francisco"]
[Date "2016.02.09"]
[Round "6"]
[White "Nelson, Christopher"]
[Black "Simpkins, Jerry"]
[Result "1-0"]
[WhiteElo "1732"]
[BlackElo "1512"]
[PlyCount "73"]
[EventDate "2016.01.05"]
[EventType "swiss"]
[EventRounds "8"]
[EventCountry "USA"]
[SourceTitle "EXT 2018"]
[Source "ChessBase"]
[SourceDate "2017.10.13"]
[SourceVersion "1"]
[SourceVersionDate "2017.10.13"]
[SourceQuality "1"]

1. e4 e5 2. Nc3 Nc6 3. f4 d6 4. Nf3 f5 5. Bb5 fxe4 6. Bxc6+ bxc6 7. Nxe4 d5 8. Nxe5 dxe4 9. Qh5+ g6 10. Nxg6 Nf6 11. Qe5+ Be7 12. Nxh8 Ba6 13. Qe6 Qd7 14. Qf7+ Kd8 15. Qb3 Nd5 16. Nf7+ Kc8 17. Ne5 Qe6 18. Qa4 Bb5 19. Qxe4 Nf6 20. Qf3 Kb7 21. d3 Bc5 22. Be3 Bb4+ 23. c3 Ba5 24. 0-0 Nd5 25. Bd2 Bb6+ 26. Kh1 Ne7 27. c4 Ba6 28. b4 Bd4 29. Rae1 Kb6 30. c5+ Kb7 31. Nc4 Qf6 32. Na5+ Kc8 33. Rxe7 Qxe7 34. Qxc6 Bxd3 35. Qxa8+ Kd7 36. Qd5+ Ke8 37. Re1 1-0

[Event "San Francisco TNM Summer op"]
[Site "San Francisco"]
[Date "2013.05.28"]
[Round "1"]
[White "Byambaa, Uyanga"]
[Black "Nelson, Christopher"]
[Result "1-0"]
[WhiteElo "2136"]
[BlackElo "1676"]
[PlyCount "53"]
[EventDate "2013.05.28"]
[EventType "swiss"]
[EventRounds "8"]
[EventCountry "USA"]
[SourceTitle "EXT 2016"]
[Source "ChessBase"]
[SourceDate "2015.10.08"]
[SourceVersion "1"]
[SourceVersionDate "2015.10.08"]
[SourceQuality "1"]

1. e4 e5 2. Nf3 Nc6 3. Bc4 Nf6 4. Ng5 d5 5. exd5 Na5 6. Bb5+ c6 7. dxc6 bxc6 8. Qf3 Bd7 9. Bd3 h6 10. Ne4 Nd5 11. 0-0 Nb7 12. b3 Nf4 13. Bb2 Qc7 14. Na3 f5 15. Ng3 e4 16. Bxe4 fxe4 17. Qxe4+ Kd8 18. Rfe1 Bd6 19. Nc4 Re8 20. Qf3 Rf8 21. Qc3 Rf7 22. d4 Nd5 23. Qd3 Bxg3 24. hxg3 Bf5 25. Qe2 Rf8 26. Ba3 Rf6 27. Qe8# 1-0

[Event "San Francisco TNM Winter op"]
[Site "San Francisco"]
[Date "2013.01.22"]
[Round "3"]
[White "Sherwood, Peter"]
[Black "Nelson, Christopher"]
[Result "0-1"]
[WhiteElo "1812"]
[BlackElo "1513"]
[PlyCount "74"]
[EventDate "2013.01.08"]
[EventType "swiss"]
[EventRounds "8"]
[EventCountry "USA"]
[SourceTitle "EXT 2016"]
[Source "ChessBase"]
[SourceDate "2015.10.08"]
[SourceVersion "1"]
[SourceVersionDate "2015.10.08"]
[SourceQuality "1"]

1. e4 e5 2. Nf3 Nc6 3. Bb5 Nf6 4. 0-0 Nxe4 5. d4 Nd6 6. Ba4 Be7 7. dxe5 Ne4 8. Re1 d5 9. Bb3 Be6 10. Nbd2 Nc5 11. c3 Nd3 12. Re3 Nxc1 13. Rxc1 0-0 14. Nd4 Bc5 15. N2f3 Bg4 16. Qd3 Bxf3 17. Nxc6 Qg5 18. Rxf3 Qxc1+ 19. Bd1 bxc6 20. b4 Be7 21. Rh3 g6 22. Re3 Bg5 23. Re1 Rae8 24. g3 Bd2 25. Rf1 Qxc3 26. Qxc3 Bxc3 27. f4 Bxb4 28. Ba4 Rb8 29. Bxc6 Bc5+ 30. Kh1 Rfd8 31. Rc1 Be3 32. Rd1 d4 33. Be4 Rb2 34. a4 Rdb8 35. a5 Rf2 36. Rb1 Rxb1+ 37. Bxb1 Rf1+ 0-1

[Event "San Francisco TNM Winter op"]
[Site "San Francisco"]
[Date "2013.01.15"]
[Round "2"]
[White "Cendejas, Juan"]
[Black "Nelson, Christopher"]
[Result "1/2-1/2"]
[WhiteElo "1849"]
[BlackElo "1513"]
[PlyCount "124"]
[EventDate "2013.01.08"]
[EventType "swiss"]
[EventRounds "8"]
[EventCountry "USA"]
[SourceTitle "EXT 2016"]
[Source "ChessBase"]
[SourceDate "2015.10.08"]
[SourceVersion "1"]
[SourceVersionDate "2015.10.08"]
[SourceQuality "1"]

1. e4 e5 2. f4 exf4 3. Nf3 g5 4. Bc4 d6 5. Nc3 g4 6. 0-0 Bg7 7. d3 gxf3 8. Qxf3 Bd4+ 9. Kh1 Be6 10. Bxe6 fxe6 11. Qh5+ Kd7 12. Rxf4 Kc8 13. Nb5 Be5 14. Rf7 Nf6 15. Qh3 Nfd7 16. d4 a6 17. dxe5 axb5 18. exd6 Rf8 19. Qxe6 Rxf7 20. Qxf7 Qf8 21. Qxf8+ Nxf8 22. Bh6 Ne6 23. dxc7 Kxc7 24. c3 Nd7 25. a3 Ndc5 26. Re1 Nd3 27. Re2 Rd8 28. g3 Rd6 29. Be3 Ne5 30. Bf4 Rd1+ 31. Kg2 Nxf4+ 32. gxf4 Ng6 33. Rf2 Rd3 34. h3 Nh4+ 35. Kh2 Kd7 36. f5 Nf3+ 37. Kg3 Ng5+ 38. Kg4 Nxe4 39. Re2 h5+ 40. Kf4 Nf6 41. Kg5 Nd5 42. f6 Rf3 43. Rd2 Ke6 44. f7 Rf5+ 45. Kg6 Nf4+ 46. Kh6 Rxf7 47. Rd4 Kf5 48. Rb4 Rf6+ 49. Kh7 Rf7+ 50. Kg8 Kg6 51. Re4 Rg7+ 52. Kf8 Rf7+ 53. Ke8 Nxh3 54. Re6+ Rf6 55. Re5 Ng5 56. Rxb5 h4 57. Rxb7 h3 58. Rd7 Re6+ 59. Kf8 Rf6+ 60. Ke8 Re6+ 61. Kf8 Rf6+ 62. Ke8 Re6+ 1/2-1/2

[Event "San Francisco TNM Winter op"]
[Site "San Francisco"]
[Date "2012.02.21"]
[Round "8"]
[White "Mar, Henry"]
[Black "Nelson, Christopher"]
[Result "0-1"]
[WhiteElo "1523"]
[BlackElo "1551"]
[PlyCount "110"]
[EventDate "2012.01.03"]
[EventType "swiss"]
[EventRounds "8"]
[EventCountry "USA"]
[SourceTitle "EXT 2014"]
[Source "ChessBase"]
[SourceDate "2013.11.20"]
[SourceVersion "1"]
[SourceVersionDate "2013.11.20"]
[SourceQuality "1"]

1. e4 e5 2. Nf3 Nc6 3. d3 Bc5 4. Be3 Bb6 5. Bxb6 axb6 6. g3 d6 7. Bg2 b5 8. 0-0 Be6 9. b3 h6 10. c3 Nf6 11. Nbd2 Ne7 12. d4 Ng6 13. d5 Bd7 14. Qc2 c5 15. c4 b4 16. h4 0-0 17. Nh2 Ng4 18. Nxg4 Bxg4 19. f3 Bd7 20. h5 Ne7 21. f4 Bg4 22. Bf3 Qd7 23. f5 Bxf3 24. Nxf3 Kh8 25. Nh4 Ng8 26. Qe2 Qd8 27. Qe3 Qg5 28. Qxg5 hxg5 29. Nf3 g4 30. Nh4 Nf6 31. Kf2 Nxe4+ 32. Kg2 Nf6 33. Rh1 Kh7 34. Kf1 Kh6 35. Kg2 Rfe8 36. Rhe1 e4 37. Kf2 e3+ 38. Rxe3 Rxe3 39. Kxe3 Re8+ 40. Kf2 Ne4+ 41. Kg2 Nc3 42. Rf1 Re2+ 43. Kg1 f6 44. Ng6 Rxa2 45. Nf4 Ne2+ 46. Nxe2 Rxe2 47. Rb1 Kxh5 48. Kf1 Re3 49. Kg2 Kg5 50. Rb2 Kxf5 51. Rf2+ Ke4 52. Rb2 Kd4 53. Kf2 Rf3+ 54. Kg2 Kc3 55. Rb1 Kc2 0-1

[Event "San Francisco TNM Fall op"]
[Site "San Francisco"]
[Date "2011.11.29"]
[Round "7"]
[White "Nelson, Christopher"]
[Black "Eytan, David"]
[Result "1-0"]
[WhiteElo "1537"]
[BlackElo "1531"]
[PlyCount "120"]
[EventDate "2011.10.18"]
[EventType "swiss"]
[EventRounds "9"]
[EventCountry "USA"]
[SourceTitle "EXT 2016"]
[Source "ChessBase"]
[SourceDate "2015.10.08"]
[SourceVersion "1"]
[SourceVersionDate "2015.10.08"]
[SourceQuality "1"]

1. d4 f5 2. Nf3 Nf6 3. c4 e6 4. Nc3 Nc6 5. Bf4 Bb4 6. e3 0-0 7. Bd3 Ne7 8. 0-0 Bxc3 9. bxc3 Ng6 10. Bg5 d6 11. Qc2 Qe8 12. Bxf6 Rxf6 13. Rfe1 f4 14. exf4 Rxf4 15. Bxg6 Qxg6 16. Qxg6 hxg6 17. Ng5 Rf6 18. d5 e5 19. c5 Rf5 20. Ne4 dxc5 21. Nxc5 b6 22. Ne4 Ba6 23. d6 c5 24. Rad1 Rd8 25. Ng3 Rf6 26. Ne4 Re6 27. h4 Bb7 28. Ng5 Rexd6 29. Rxd6 Rxd6 30. Rxe5 Rd1+ 31. Kh2 Kf8 32. Re6 Rd2 33. Kg3 Bd5 34. Rxg6 Rd3+ 35. f3 Bxa2 36. Ne4 Bd5 37. Rg4 Bxe4 38. Rxe4 Rxc3 39. Ra4 a5 40. Rf4+ Ke7 41. Rg4 Kf6 42. h5 b5 43. Rg6+ Kf7 44. Kf4 a4 45. Ke5 a3 46. Ra6 b4 47. Ra7+ Kg8 48. Kf5 Rc2 49. g4 Re2 50. g5 Re8 51. Kg6 Re6+ 52. Kf5 Rd6 53. g6 Rf6+ 54. Ke4 Rf8 55. Kd5 Re8 56. Kc4 Kf8 57. Rf7+ Kg8 58. Ra7 Rb8 59. Kb3 Rf8 60. f4 Rxf4 1-0

[Event "San Francisco TNM Fall op"]
[Site "San Francisco"]
[Date "2011.11.22"]
[Round "6"]
[White "Nelson, Christopher"]
[Black "Olson, David L"]
[Result "1-0"]
[WhiteElo "1537"]
[BlackElo "1400"]
[PlyCount "77"]
[EventDate "2011.10.18"]
[EventType "swiss"]
[EventRounds "9"]
[EventCountry "USA"]
[SourceTitle "EXT 2016"]
[Source "ChessBase"]
[SourceDate "2015.10.08"]
[SourceVersion "1"]
[SourceVersionDate "2015.10.08"]
[SourceQuality "1"]

1. d4 d5 2. Nf3 Nf6 3. Bg5 h6 4. Bh4 Bf5 5. e3 g5 6. Bg3 Ne4 7. Nbd2 Nc6 8. Bd3 Bg7 9. c3 Qd7 10. Qe2 0-0 11. a4 a6 12. a5 Rae8 13. Nb3 Bg4 14. Nc5 Qc8 15. Nxe4 e5 16. dxe5 dxe4 17. Bxe4 Nxe5 18. Qc2 Nc4 19. Nd4 c5 20. Nf5 Qe6 21. Bd3 Bxf5 22. Bxf5 Nxe3 23. fxe3 Qxe3+ 24. Kf1 Kh8 25. Re1 Qxe1+ 26. Bxe1 Re5 27. Bg3 Re3 28. Kf2 Rfe8 29. Bd3 h5 30. Rf1 h4 31. Bc7 g4 32. Bf4 R3e7 33. Bd6 Re6 34. Bxc5 g3+ 35. hxg3 hxg3+ 36. Kxg3 Be5+ 37. Kf3 Rf6+ 38. Bf5 Rg8 39. Rh1+ 1-0

[Event "San Francisco TNM Summer op"]
[Site "San Francisco"]
[Date "2011.06.28"]
[Round "6"]
[White "Nelson, Christopher"]
[Black "Zang, Kevin"]
[Result "0-1"]
[WhiteElo "1525"]
[BlackElo "1786"]
[PlyCount "56"]
[EventDate "2011.05.24"]
[EventType "swiss"]
[EventRounds "8"]
[EventCountry "USA"]
[SourceTitle "EXT 2016"]
[Source "ChessBase"]
[SourceDate "2015.10.08"]
[SourceVersion "1"]
[SourceVersionDate "2015.10.08"]
[SourceQuality "1"]

1. d4 f5 2. Nf3 Nf6 3. e3 g6 4. Bd3 Bg7 5. c3 0-0 6. Nbd2 h6 7. 0-0 d5 8. Ne5 Nbd7 9. Nxg6 Re8 10. Bxf5 e5 11. e4 c5 12. Nf3 exd4 13. exd5 Ne5 14. Bxc8 Nxf3+ 15. Qxf3 Rxc8 16. c4 b5 17. b3 Ne4 18. Re1 d3 19. Qxd3 Qf6 20. Rxe4 Qxa1 21. Rxe8+ Rxe8 22. Qf1 Bc3 23. Be3 Qxa2 24. Nf4 bxc4 25. g3 cxb3 26. Qh3 Qb1+ 27. Kg2 Qe4+ 28. Kg1 Bg7 0-1